Beautifying the home grounds /
Saved in:
| Main Author: | |
|---|---|
| Format: | Book |
| Language: | English |
| Published: |
Washington, [D.C.] :
Government Printing Office,
1904.
|
| Series: | Farmers' bulletin (United States. Department of Agriculture) ;
no. 185. |
| Subjects: | |
| Tags: |
Add Tag
No Tags, Be the first to tag this record!
|
| LEADER | 00645nam a22001817u 4500 | ||
|---|---|---|---|
| 001 | 000000155-4 | ||
| 005 | 20050802122505.0 | ||
| 008 | 821202|1904 ||||||| |||| |0||||eng|d | ||
| 035 | 0 | |a ocm04762464 | |
| 100 | 1 | |a Corbett, L. C. |q (Lee Cleveland), |d 1867-1940. | |
| 245 | 1 | 0 | |a Beautifying the home grounds / |c by L.C. Corbett. |
| 260 | 0 | |a Washington, [D.C.] : |b Government Printing Office, |c 1904. | |
| 300 | |a 24 p. : |b ill. ; |c 24 cm. | ||
| 490 | 1 | |a U.S. Department of Agriculture farmers' bulletin ; |v no. 185 | |
| 650 | 0 | |a Landscape gardening. | |
| 830 | 0 | |a Farmers' bulletin (United States. Department of Agriculture) ; |v no. 185. | |
| 988 | |a 20020608 | ||
| 906 | |0 MH | ||


